所有国家历史文化名城 All Chinese national historical and cultural cities - Statistics

General Stats
  • This quiz has been taken 282 times
  • The average score is 79 of 142
Answer Stats
省份 行政级别 城市 % Correct
北京 直辖市 北京
98%
天津 直辖市 天津
98%
上海 直辖市 上海
97%
重庆 直辖市 重庆
97%
河北 地市 邯郸
89%
山西 地市 太原
89%
辽宁 地市 沈阳
86%
黑龙江 地市 哈尔滨
86%
江苏 地市 南京
86%
江苏 地市 苏州
86%
河北 地市 保定
85%
山西 地市 大同
85%
吉林 地市 长春
85%
浙江 地市 杭州
85%
江苏 地市 徐州
84%
河北 地市 承德
83%
江苏 地市 扬州
83%
江苏 地市 无锡
83%
江苏 地市 常州
83%
吉林 地市 吉林
82%
浙江 地市 温州
82%
福建 地市 福州
82%
山东 地市 济南
81%
广东 地市 广州
81%
江苏 地市 镇江
80%
浙江 地市 宁波
80%
江西 地市 南昌
80%
陕西 地市 西安
80%
江苏 地市 南通
79%
江苏 地市 泰州
79%
浙江 地市 绍兴
79%
福建 地市 泉州
79%
山东 地市 青岛
79%
四川 地市 成都
79%
西藏 地市 拉萨
79%
河南 地市 洛阳
79%
湖南 地市 长沙
79%
浙江 地市 金华
78%
云南 地市 昆明
78%
湖北 地市 武汉
78%
黑龙江 地市 齐齐哈尔
77%
江苏 地市 淮安
77%
宁夏 地市 银川
77%
浙江 地市 嘉兴
76%
河南 地市 开封
76%
广西 地市 桂林
76%
海南 地市 海口
76%
海南 县区 琼山
76%
江西 地市 九江
74%
山东 地市 烟台
74%
河南 地市 郑州
74%
陕西 地市 延安
74%
浙江 地市 衢州
73%
浙江 地市 湖州
73%
福建 地市 漳州
73%
江西 地市 赣州
73%
江西 地市 景德镇
72%
贵州 地市 遵义
72%
西藏 地市 日喀则
72%
陕西 地市 咸阳
72%
广东 地市 佛山
71%
山东 地市 泰安
70%
湖北 地市 襄阳
70%
广西 地市 柳州
70%
陕西 地市 汉中
70%
云南 县区 大理
69%
河南 地市 安阳
69%
河南 地市 南阳
69%
广东 地市 潮州
69%
广东 地市 中山
69%
广东 地市 惠州
69%
安徽 地市 安庆
68%
福建 地市 莆田
68%
湖北 地市 荆州
67%
湖南 地市 岳阳
66%
陕西 地市 榆林
66%
云南 地市 丽江
65%
甘肃 地市 张掖
65%
广东 地市 梅州
64%
甘肃 地市 武威
63%
甘肃 地市 天水
63%
广东 地市 肇庆
62%
新疆 地市 吐鲁番
62%
新疆 地市 喀什
61%
辽宁 地市 辽阳
60%
四川 地市 乐山
60%
河南 地市 商丘
59%
山东 地市 聊城
57%
四川 地市 宜宾
56%
广西 地市 北海
56%
江西 地市 抚州
55%
山东 县区 曲阜
55%
四川 地市 自贡
55%
四川 地市 泸州
55%
安徽 地市 亳州
54%
甘肃 县区 敦煌
53%
河南 地市 濮阳
52%
湖北 地市 随州
48%
湖南 地市 永州
47%
山西 县区 平遥
40%
江苏 县区 常熟
34%
河北 县区 正定
33%
新疆 县区 伊宁
31%
四川 县区 都江堰
29%
安徽 县区 歙县
28%
四川 县区 阆中
28%
江苏 县区 高邮
27%
山东 县区 青州
26%
江苏 县区 宜兴
25%
安徽 县区 黟县
24%
山东 县区 临淄
22%
河北 县区 山海关
21%
江西 县区 瑞金
20%
山东 县区 邹城
19%
安徽 县区 绩溪
18%
山东 县区 蓬莱
18%
湖南 县区 凤凰
18%
安徽 县区 寿县
16%
浙江 县区 临海
15%
新疆 县区 库车
15%
陕西 县区 韩城
13%
广东 县区 雷州
11%
吉林 县区 集安
10%
安徽 县区 桐城
10%
福建 县区 长汀
10%
河北 县区 蔚县
9%
山西 县区 代县
9%
云南 县区 建水
9%
山西 县区 新绛
8%
山西 县区 祁县
8%
浙江 县区 龙泉
8%
贵州 县区 镇远
8%
湖北 县区 钟祥
8%
新疆 县区 特克斯
8%
河南 县区 浚县
6%
四川 县区 会理
5%
西藏 县区 江孜
5%
云南 县区 巍山
4%
云南 县区 会泽
4%
青海 县区 同仁
4%
云南 县区 通海
3%
云南 县区 剑川
3%
No matching quizzes found
Score Distribution
Percent of People with Each Score
Percentile by Number Answered
Your Score History
You have not taken this quiz